| 000 | 00624nam a2200205Ia 4500 | ||
|---|---|---|---|
| 003 | IN-BaIIA | ||
| 008 | 211028s9999 xx 000 0 eng d | ||
| 020 | _a978-0-201-30450-3 | ||
| 040 | _cIIA Library | ||
| 080 |
_a530.145 _bRAM |
||
| 100 |
_aRamond, Pierre _924430 |
||
| 245 | 0 |
_aField theory _ba modern primer _cPierre Ramond |
|
| 250 | _a2nd ed. | ||
| 260 |
_aCambridge _bPerseus Books _c1990 |
||
| 300 | _axix, 329p. | ||
| 490 | _aFrontiers in physics; vol. 74 | ||
| 650 |
_aPerturbation (Quantumdynamics) _924431 |
||
| 650 |
_aQuantum field theory _96197 |
||
| 942 | _cBK | ||
| 999 |
_c13950 _d13950 |
||